Rides of Universal Studios Hollywood - Statistics

General Stats
  • This quiz has been taken 18 times
  • The average score is 6 of 11
Answer Stats
Answer % Correct
Despicable Me Minion Mayhem
87%
Harry Potter and the Forbidden Journey
87%
Revenge of the Mummy: The Ride
73%
Transformers: The Ride 3D
73%
Jurassic World: The Ride
67%
The Simpsons Ride
67%
Studio Tour
53%
The Secret Life of Pets: Off the Leash
53%
Mario Kart: Bowser’s Challenge
47%
Flight of the Hippogriff
33%
Silly Swirly Fun Ride
7%
No matching quizzes found
Score Distribution
Percent of People with Each Score
Percentile by Number Answered
Your Score History
You have not taken this quiz